000 00567naa a2200193 a 4500
001 81833
003 BD-RjUL
005 20230903123819.0
008 230903s1953 ii ||||| |||| 00| 0 u d
035 _a(BD-RjUL)81833
040 _aBD-RjUL
_beng
_cBD-RjUL
041 _aurd
082 _223
_a946.02
_bNADM
245 1 0 _aمسلمان اندلس ميي # # Musalman Andalud mi /
_cRashid Akhtar Nadwi ## رشيد اختر ندوي
260 _aLahore :
_bAhsan Brathers,
_c1953
300 _a791 p. ;
_c18 cm
650 _aMuslims
_zAndalus
_98740
942 _2ddc
_cBK
999 _c81833
_d81833